000 00510nam a2200181Ia 4500
008 220216s9999 xx 000 0 und d
100 _aThomas V
245 0 _aElephant dung: A promising potting medium for root trainer plants of Hevea brasiliensis
260 _bRubber Science
_c2016
300 _a58-61
650 _aBio-waste utilization
650 _aElephant dung
650 _aHevea brasiliensis
650 _aPotting medium
650 _aRoot trainer plants
700 _aGeorge S
942 _cBS
999 _c49084
_d49084